书目信息 |
| 题名: |
膜技术新进展与工程应用
|
|
| 作者: | 陈观文 主编 | |
| 分册: | ||
| 出版信息: | 北京 国防工业出版社 2013.08 |
|
| 页数: | 718页 | |
| 开本: | 26cm | |
| 丛书名: | ||
| 单 册: | ||
| 中图分类: | TB43 | |
| 科图分类: | ||
| 主题词: | 薄膜技术 | |
| 电子资源: | ||
| ISBN: | 978-7-118-08792-5 | |
| 000 | 01019nam0 2200253 450 | |
| 001 | 0120131140317 | |
| 005 | 20140609155501.43 | |
| 010 | @a978-7-118-08792-5@dCNY128.00 | |
| 100 | @a20131016d2013 em y0chiy0110 ea | |
| 101 | 0 | @achi |
| 102 | @aCN@b110000 | |
| 105 | @aak z 000yy | |
| 106 | @ar | |
| 200 | 1 | @a膜技术新进展与工程应用@9mo ji shu xin jin zhan yu gong cheng ying yong@f陈观文[等]主编 |
| 210 | @a北京@c国防工业出版社@d2013.08 | |
| 215 | @a718页@c图@d26cm | |
| 304 | @a主编还有:许振良,曹义鸣,施艳荞 | |
| 330 | @a本书共分两部分:第一部分介绍膜技术的新进展。第二部分介绍近五年来实现和建设的膜分离技术的应用与工程案例;包括海水淡化与市政供水,污水处理与再生水回用(市政污水与工业废水),膜法气体分离与渗透汽化技术,膜技术在其他领域的应用。 | |
| 333 | @a本书可供环境工程与科学、水处理等工程技术人员使用,也可供高等院校相关专业师生阅读和参考 | |
| 606 | 0 | @a薄膜技术 |
| 690 | @aTB43@v5 | |
| 701 | 0 | @a陈观文@9chen guan wen@4主编 |
| 801 | 0 | @aCN@b人天书店@c20131016 |
| 905 | @b549813-15@dTB43@e239@f3 | |
| 膜技术新进展与工程应用/陈观文[等]主编.-北京:国防工业出版社,2013.08 |
| 718页:图;26cm |
| 使用对象:本书可供环境工程与科学、水处理等工程技术人员使用,也可供高等院校相关专业师生阅读和参考 |
| ISBN 978-7-118-08792-5:CNY128.00 |
| 本书共分两部分:第一部分介绍膜技术的新进展。第二部分介绍近五年来实现和建设的膜分离技术的应用与工程案例;包括海水淡化与市政供水,污水处理与再生水回用(市政污水与工业废水),膜法气体分离与渗透汽化技术,膜技术在其他领域的应用。 |
| ● |
| 相关链接 |
|
|
|
|
正题名:膜技术新进展与工程应用
索取号:TB43/239
 
预约/预借
| 序号 | 登录号 | 条形码 | 馆藏地/架位号 | 状态 | 备注 |
| 1 | 549813 | 205498139 | 第二样本阅览室/ [索取号:TB43/239] | 在馆 | |
| 2 | 549814 | 205498148 | 密集书库-化学系/ [索取号:TB43/239] | 在馆 | |
| 3 | 549815 | 205498157 | 第三借阅区/ [索取号:TB43/239] | 在馆 |